LEADER 07116oam 2200685I 450
001 9910799999003321
005 20230725020046.0
010 $a0-429-13067-8
010 $a1-4665-4746-4
010 $a1-4398-0988-7
024 7 $a10.1201/b10453
035 $a(CKB)2560000000058329
035 $a(EBL)665575
035 $a(OCoLC)706713292
035 $a(SSID)ssj0000474215
035 $a(PQKBManifestationID)11913285
035 $a(PQKBTitleCode)TC0000474215
035 $a(PQKBWorkID)10448679
035 $a(PQKB)11514194
035 $a(MiAaPQ)EBC665575
035 $a(Au-PeEL)EBL665575
035 $a(CaPaEBR)ebr10444365
035 $a(CaONFJC)MIL692864
035 $a(EXLCZ)992560000000058329
100 $a20180331d2010 uy 0
101 0 $aeng
135 $aur|n|---|||||
181 $ctxt
182 $cc
183 $acr
200 00$aVermiculture technology $eearthworms, organic wastes, and environmental management /$f[edited by] Clive A. Edwards, Norman Q. Arancon, Rhonda L. Sherman
210 1$aBoca Raton, Fla. :$cCRC Press,$d2010.
215 $a1 online resource (602 p.)
300 $aDescription based upon print version of record.
311 $a1-322-61582-9
311 $a1-4398-0987-9
320 $aIncludes bibliographical references.
327 $aFront Cover; Contents; Preface; Acknowledgments; Editors; Contributors; Chapter 1: Introduction, History, and Potential of Vermicomposting Technology; Chapter 2: Relationships between Composting and Vermicomposting; Chapter 3: Biology and Ecology of Earthworm Species Used for Vermicomposting; Chapter 4: Discovery and Development of New Species for Vermiculture; Chapter 5: The Microbiology of Vermicomposting; Chapter 6: Small-Scale School and Domestic Vermicomposting Systems; Chapter 7: Low-Technology Vermicomposting Systems; Chapter 8: Medium- and High-Technology Vermicomposting Systems
327 $aChapter 9: The Potential of Vermicomposts as Plant Growth Media for Greenhouse Crop ProductionChapter 10: The Use of Vermicomposts as Soil Amendments for Production of Field Crops; Chapter 11: The Production of Vermicompost Aqueous Solutions or Teas; Chapter 12: The Suppression of Plant Pathogens by Vermicomposts; Chapter 13: Use of Aqueous Extracts from Vermicomposts or Teas in Suppression of Plant Pathogens; Chapter 14: Suppression of Arthropod Pests and Plant Parasitic Nematodes by Vermicomposts and Aqueous Extracts from Vermicompos
327 $aChapter 15: The Use and Effects of Aqueous Extracts from Vermicomposts or Teas on Plant Growth and YieldsChapter 16: Human Pathogen Reduction during Vermicomposting; Chapter 17: Heavy Metals, Earthworms, and Vermicomposts; Chapter 18: Quality Criteria for Vermicomposts; Chapter 19: The Commercial Potential and Economics of Vermicomposting; Chapter 20: The Production of Earthworm Protein for Animal Feed from Organic Wastes; Chapter 21: The Use of Vermiculture for Land Improvement; Chapter 22: The Potential of Earthworms Produced from Organic Wastes in Production of Pharmaceuticals
327 $aChapter 23: The Status of Vermicomposting in North America: A Rapidly Developing TechnologyChapter 24: Vermicomposting for Businesses and Institutions; Chapter 25: New Developments and Insights on Vermicomposting in Spain; Chapter 26: Vermiculture and Vermicomposting in the United Kingdom; Chapter 27: Vermiculture in Australia and New Zealand: From Earthworm Production to Commercial Vermicomposting; Chapter 28: Origins and Spread of Vermicomposting in India: Focus on Sustainable Agriculture; Chapter 29: Vermiculture in the Philippines; Chapter 30: The Status of Vermicomposting in Indonesia
327 $aChapter 31: Vermicomposting Projects in Hong KongChapter 32: Vermicomposting Research and Activities in Mexico; Chapter 33: The Scope of Vermiculture in Cuba; Chapter 34: Commercial Applications of Vermiculture in China; Chapter 35: Progress in Vermicomposting in Belarus, Russia, and Ukraine; Back Cover
330 $aCo-edited by international earthworm expert Clive A. Edwards, Vermiculture Technology: Earthworms, Organic Wastes, and Environmental Management is the first international, comprehensive, and definitive work on how earthworms and microorganisms interact to break down organic wastes on a commercial basis. Many books cover the importance of composting for reducing the amount of organic wastes in landfills. This reference focuses on innovative vermiculture technology that turns organic waste into a value-added environmentally friendly products that can improve soil fertility and productivity on a large scale.
Chronicles more than two decades of growth and changes in earthworm composting technology
Based on the work of an outstanding international cast of scientists, the book explores the dramatic growth and changes in vermiculture technology since 1988 and assesses advances made in government-funded projects in the United States and United Kingdom. The contributors discuss outdoor and indoor windrows, container systems, wedge systems, and low labor-requirement, fully-automated continuous flow vermicomposting reactor systems that can process more than 1000 tons of organic wastes per reactor per annum. They also highlight the science and biology behind the use and efficacy of vermicomposting, examine its importance to developing countries, and detail the technology of the past, present, and future.Although the development of a range of vermicomposting technologies has been rapid and the spread of vermicomposting dramatic, the scientific literature remains scattered throughout a range of journals, newsletters, and online resources. As a compilation of information designed specifically to have an extended shelf life, this volume chronicles how vermiculture can be brought into full commercial and industrial development and find application in integrated waste management systems--$cProvided by publisher.
330 $aExploring the dramatic growth and changes in the field of vermicomposting since 1988, this comprehensive review assesses the advancements made in government-funded projects in the U.S. and UK. It discusses outdoor or indoor windows, container systems, wedge systems, and low labor-requirement, fully-automated continuous flow vermicomposting reactor systems that can process more than 1000 tons of organic wastes per reactor. It also highlights the science and biology behind the use and efficacy of vermicomposting and details the technology of the past, present, and future--$cProvided by publisher.
606 $aEarthworm culture
606 $aEarthworms
615 0$aEarthworm culture.
615 0$aEarthworms.
676 $a631.8/75
686 $aNAT010000$aTEC003000$2bisacsh
701 $aEdwards$b C. A$g(Clive Arthur),$f1925-$018930
701 $aArancon$b Norman Q$01587464
701 $aSherman$b Rhonda L$01587465
801 0$bMiAaPQ
801 1$bMiAaPQ
801 2$bMiAaPQ
906 $aBOOK
912 $a9910799999003321
996 $aVermiculture technology$93875286
997 $aUNINA
LEADER 03779nam 22006615 450
001 9910299780303321
005 20251113200944.0
010 $a3-319-00137-X
024 7 $a10.1007/978-3-319-00137-1
035 $a(CKB)3710000000356747
035 $a(EBL)1974143
035 $a(SSID)ssj0001452135
035 $a(PQKBManifestationID)11785824
035 $a(PQKBTitleCode)TC0001452135
035 $a(PQKBWorkID)11479115
035 $a(PQKB)10729693
035 $a(DE-He213)978-3-319-00137-1
035 $a(MiAaPQ)EBC1974143
035 $z(PPN)184492998
035 $z(PPN)258866462
035 $a(PPN)188369333
035 $a(EXLCZ)993710000000356747
100 $a20150209d2015 u| 0
101 0 $aeng
135 $aur|n|---|||||
181 $ctxt
182 $cc
183 $acr
200 10$aArchitecture and Mathematics from Antiquity to the Future $eVolume I: Antiquity to the 1500s /$fedited by Kim Williams, Michael J. Ostwald
205 $a1st ed. 2015.
210 1$aCham :$cSpringer International Publishing :$cImprint: Birkhäuser,$d2015.
215 $a1 online resource (723 p.)
300 $aDescription based upon print version of record.
311 08$a3-319-00136-1
320 $aIncludes bibliographical references at the end of each chapters and indexes.
327 $aPart I: Introduction -- Part II: From 2000 BC to 300AD -- Part III: Theories of Measurement and Structure -- Part IV: From 1100 AD to 1400 AD -- Part V: Theories of Proportion, Symmetry, Periodicity -- Part VI: From 1500 AD to 1600 AD -- Index -- Acknowledgements.
330 $aThe aim of this collection of essays is to present a broad portrait of the ways in which two seemingly different disciplines are interconnected. The diversity and varied texture of the essays richly illustrates the affinity between architecture and mathematics. As the almost 100 papers presented in this two-volume publication show, every age and every culture has relied on principles of mathematics incorporated in their works of architecture to imbue their built environment with meaning and order. Included are discussions of geometry, proportional systems, linear algebra, periodic and aperiodic tilings, fractals, perspective, computer science and mechanics. Western architecture of every period is examined: Egyptian, Roman, Medieval, Renaissance, Baroque, Enlightenment, twentieth-century and beyond, as is the architecture of Turkey, China, India, Japan, Australia and Islam. The mathematical nature of the architecture of Leon Battista Alberti, Andrea Palladio and Frank Lloyd Wright is examined, and the philosophical background behind Renaissance architecture is explored. Contributors come from a wide range of disciplines and cultural backgrounds: architects, mathematicians, historians, theoreticians, scientists and educators from the world over. Architecture may be seen and understood in a new light, by professionals as well as non-professionals.
606 $aMathematics
606 $aArts
606 $aArchitecture$xMathematics
606 $aHistory
606 $aMathematics in Art and Architecture
606 $aHistory of Mathematical Sciences
615 0$aMathematics.
615 0$aArts.
615 0$aArchitecture$xMathematics.
615 0$aHistory.
615 14$aMathematics in Art and Architecture.
615 24$aHistory of Mathematical Sciences.
676 $a510
676 $a510.9
676 $a519
702 $aWilliams$b Kim$4edt$4http://id.loc.gov/vocabulary/relators/edt
702 $aOstwald$b Michael J.$4edt$4http://id.loc.gov/vocabulary/relators/edt
906 $aBOOK
912 $a9910299780303321
996 $aArchitecture and mathematics from antiquity to the future$91520294
997 $aUNINA